000 01122cam a22002894a 4500
001 14137599
005 20170105102934.0
008 051011s2006 cou b 001 0 eng
010 _a 2005029752
020 _a158826436X (hardcover : alk. paper)
040 _aDLC
_cDLC
_dDLC
042 _apcc
050 0 0 _aHF1410
_b.I579 vol. 15
_aHD2755.5
082 0 0 _a338.88
_222
_bKHA 2007
245 0 0 _aGlobal corporate power /
_cedited by Christopher May.
260 _aBoulder, Colo. :
_bLynne Rienner Publishers.,
_c2007.
300 _avii, 330 p. ;
_c24 cm.
440 0 _aInternational political economy yearbook ;
_vv. 15
504 _aIncludes bibliographical references (p. 283-318) and index.
650 0 _aInternational business enterprises.
650 0 _aCorporate governance.
700 1 _aMay, Christopher,
_d1960-
856 4 1 _3Table of contents only
_uhttp://www.loc.gov/catdir/toc/ecip061/2005029752.html
906 _a7
_bcbc
_corignew
_d1
_eecip
_f20
_gy-gencatlg
942 _2ddc
_cBK
999 _c16197
_d16197